| 000 | 00755nam a22002417a 4500 | ||
|---|---|---|---|
| 005 | 20260303164459.0 | ||
| 008 | 220308b ||||| |||| 00| 0 eng d | ||
| 020 | _a978 9354952531 | ||
| 040 | _cAIMIT LIBRARY | ||
| 082 |
_29 _a336.242 _bSAHR |
||
| 100 |
_aSaha, R G. _923061 |
||
| 245 |
_aIncome Tax : _bdirect and indirect taxes / _cBy R,G. Saha and Usha Devi N . |
||
| 250 | _a9th ed. | ||
| 260 |
_aNew Delhi : _bHimalaya Publishing House, _c2021. |
||
| 300 |
_aXviii, 714p. ; _c24 cm. _bPB |
||
| 440 |
_aAssessment year 2021-22 _9257581 |
||
| 650 | _2Capital and revenue | ||
| 650 | _2Income from salary | ||
| 650 | _2Deductions | ||
| 650 | _2Assessment of individual | ||
| 700 |
_aN, Usha Devi. _923062 |
||
| 942 |
_2ddc _cBK _e9th _k336.242 SAHR |
||
| 999 |
_c221755 _d221755 |
||